000
00307nam a2200133Ia 4500
008
191201s2004 xx 000 0 und d
082
_a
005.8
_b
FAN
100
_a
FADIA, Ankit
245
0
_a
Network Security
260
_a
N.Delhi
_b
Macmillan
_c
2004
300
_a
219
650
_a
B.Tech(IT)
942
_2
ddc
_c
BK
999
_c
3069
_d
3069